Sergio Pitol: Premio Cervantes 2005
Saved in:
| Format: | Book |
|---|---|
| Language: | Spanish |
| Published: |
Alcalá de Henares
Universidad de Alcalá
2006
|
| Edition: | 1a. ed |
| Subjects: | |
| Tags: |
Add Tag
No Tags, Be the first to tag this record!
|
MARC
| LEADER | 00000nam a2200000 a 4500 | ||
|---|---|---|---|
| 001 | UCI6282 | ||
| 003 | CL-VaPUC | ||
| 008 | 080425e20060000SP |||||||||||||||||spa|d | ||
| 082 | 0 | 4 | |a Me863 |b SER |2 21 |
| 245 | 1 | 0 | |a Sergio Pitol: Premio Cervantes 2005 |
| 250 | |a 1a. ed | ||
| 300 | |a 31 p | ||
| 942 | |c BK | ||
| 945 | |d 20080425 00:00:00 |a jtorresc | ||
| 260 | |a Alcalá de Henares |b Universidad de Alcalá |c 2006 | ||
| 600 | 0 | 7 | |a PITOL, SERGIO |2 CL-VaPUC |9 529060 |
| 650 | 0 | |a Literatura mexicana |9 313097 | |
| 650 | 0 | |a Crítica e interpretación |9 255042 | |
| 650 | 0 | |a Ensayos |9 268724 | |
| 650 | 7 | |a BIBLIOGRAFIA |2 CL-VaPUC |9 256175 | |
| 650 | 7 | |a PREMIO CERVANTES 2005 |2 CL-VaPUC |9 529061 | |
| 583 | |a last modification |c 20080425 00:00:00 |k Rodrigo Vera | ||
| 999 | |c 329807 |d 329805 | ||
| 952 | |0 0 |1 0 |4 0 |6 ME_863_000000000000000_SER_2006 |7 0 |8 A |9 414904 |a BIBCUR |b BIBCUR |d 2019-11-22 |i 4433297 |o Me863 SER 2006 |p 4433297 |r 2025-04-22 |w 2019-11-22 |y BK |k PER | ||